QUALITY CONTROL METHODS FOR MEDICINAL PLANT MATERIALS (Record no. 276532)

MARC details
000 -LEADER
fixed length control field 00358pam a2200133a 44500
008 - FIXED-LENGTH DATA ELEMENTS--GENERAL INFORMATION
fixed length control field 230405s xxu||||| |||| 00| 0 eng d
041 ## - LANGUAGE CODE
Language code of text/sound track or separate title ENG
100 ## - MAIN ENTRY--PERSONAL NAME
Personal name WHO
245 ## - TITLE STATEMENT
Title QUALITY CONTROL METHODS FOR MEDICINAL PLANT MATERIALS
260 ## - PUBLICATION, DISTRIBUTION, ETC.
Place of publication, distribution, etc. GENEVA
Name of publisher, distributor, etc. WORLD HEALTH ORGANIZATION PUBLICATION GENEVA
Date of publication, distribution, etc.
300 ## - PHYSICAL DESCRIPTION
Extent 115
650 ## - SUBJECT ADDED ENTRY--TOPICAL TERM
Topical term or geographic name entry element PHARMACOGNOSY
906 ## - LOCAL DATA ELEMENT F, LDF (RLIN)
a 1261

No items available.